[Event "SAIF POWERTEC 45th BAN Ch 2019"]
[Site "Dhaka"]
[Date "2019.11.05"]
[Round "2.5"]
[White "Chatterjee, Debaraj"]
[Black "Saiful Islam, Chowdhury"]
[Result "1/2-1/2"]
[WhiteElo "2250"]
[BlackElo "2159"]
[Annotator "TA"]
[PlyCount "116"]
[EventDate "2019.11.05"]
[EventCountry "BAN"]
[SourceTitle "playchess.com"]
[Source "ChessBase"]
[SourceQuality "1"]

{[%evp 23,116,39,32,23,44,27,33,28,42,17,17,16,16,12,8,10,20,20,31,23,25,25,25,25,25,24,32,16,16,16,21,21,16,10,14,0,0,0,0,-20,-13,-13,-13,-13,-13,-13,-13,-13,-13,-20,-13,-13,0,0,0,0,0,0,0,0,0,-7,0,0,0,0,0,0,0,0,0,0,0,0,0,0,0,0,0,0,0,0,0,0,0,0,0,0,0,0,0,0,0,0,0]} 1. d4 Nf6 2. c4 e6 3. g3 c6 4. Nf3 d5 5. Qc2 Nbd7 6. Nbd2 Bd6 7. Bg2 O-O 8. O-O e5 9. cxd5 cxd5 10. dxe5 Nxe5 11. Nxe5 Bxe5 12. Nf3 Bd6 13. Rd1 {E01: Catalan: Early deviations} h6 14. Be3 Be6 (14... Re8 15. Rac1 Rxe3 16. fxe3 Qe7 17. Qb3 Bg4 18. Nd4 Re8 19. Bf3 Bh3 20. Rd3 Qe5 {1-0 (47) Reinderman,D (2584)-Spoelman,W (2583) Amsterdam 2015}) 15. Bd4 {White is slightly better.} Qe7 $146 ({Predecessor:} 15... b6 16. a3 Rc8 17. Qd3 Ne4 18. e3 Bc5 19. Rac1 Bxd4 20. Nxd4 Nc5 {0-1 (37) Gavrilenko,V (2025)-Denishev,M Moscow 2006}) 16. Nh4 Rac8 17. Qd3 Bc5 18. Rac1 Bxd4 19. Qxd4 b5 20. Nf3 Rc7 21. Qe5 Rfc8 22. Rxc7 Qxc7 23. Qxc7 Rxc7 24. Nd4 a6 25. e3 Kf8 {The position is equal.} 26. f3 Ke7 27. Kf2 Nd7 28. Ke2 Ne5 29. b3 Nc6 30. Nxc6+ Rxc6 $11 {[%mdl 4096] Endgame KRB-KRB} 31. Kd2 Bf5 {[#] Hoping for ...Rc2+.} 32. Rc1 Rxc1 33. Kxc1 {KB-KB} b4 34. Bf1 a5 35. Kd2 Kd6 36. Bd3 Be6 37. f4 f5 38. Bb5 Kc5 39. Be8 d4 40. Kd3 dxe3 41. Kxe3 Bd5 42. Bg6 Be4 43. g4 Bb1 44. Bxf5 Bxa2 45. Bc2 $1 a4 46. bxa4 b3 47. Bd3 b2 48. a5 {[%cal Ba4a5,Ba5a6,Ba6a7][%mdl 32]} b1=Q 49. Bxb1 Bxb1 {KB-KP} 50. a6 {[#] Strongly threatening a7.} Ba2 (50... Kb6 {keeps more tension.} 51. f5 Kxa6 52. Kf4 Bd3 53. h4 Bc4) 51. a7 Bd5 52. f5 Kd6 {aiming for ...Ke5.} 53. Kf4 Ke7 54. g5 Kf7 55. h4 hxg5+ 56. hxg5 Ke7 57. Ke5 Ba8 58. f6+ gxf6+ {Accuracy: White = 62%, Black = 68%.} 1/2-1/2

[Event "SAIF POWERTEC 45th BAN Ch 2019"]
[Site "Dhaka"]
[Date "2019.11.05"]
[Round "2.6"]
[White "Manon, Reja Neer"]
[Black "Mohammad Fahad, Rahman"]
[Result "0-1"]
[WhiteElo "1829"]
[BlackElo "2250"]
[Annotator "TA"]
[PlyCount "50"]
[EventDate "2019.11.05"]
[EventCountry "BAN"]
[SourceTitle "playchess.com"]
[Source "ChessBase"]
[SourceQuality "1"]

{[%evp 14,50,37,22,24,24,24,0,-8,-14,-14,0,-6,-14,-14,-16,-12,-17,-13,-12,-10,-13,-19,-38,-36,-41,-41,-136,-134,-145,-103,-209,-214,-187,-187,-425,-385,-1919,-1723]} 1. e4 c5 2. Nf3 d6 3. d4 cxd4 4. Nxd4 Nf6 5. Nc3 Nc6 6. Be2 e5 7. Nb3 h6 8. Be3 Be6 {B59: Classical Sicilian: 6 Be2 e5 7 Nb3} (8... Be7 9. f3 O-O 10. Qd2 Be6 11. O-O-O a5 12. Kb1 a4 13. Nc1 a3 14. b3 Nb4 15. Nd3 d5 16. exd5 Nfxd5 {0-1 (36) Guzman,C (2357)-Abreu Jean,C (2281) Santo Domingo 2017}) 9. O-O Be7 10. Kh1 O-O {The position is equal.} 11. f4 exf4 12. Bxf4 d5 13. exd5 Nxd5 14. Nxd5 Bxd5 15. Bf3 Bc4 $146 ({Predecessor:} 15... Bxf3 16. Qxf3 Bf6 17. c3 Qb6 18. Qg3 Ne7 19. Bxh6 Ng6 {1-0 (87) Cach,J (1596)-Lopez Popov,I (1719) Prague 2012}) 16. Re1 Bh4 17. g3 Bf6 18. Nc5 Bxb2 19. Rb1 $1 {[%cal Rb1b2]} Bc3 20. Nxb7 {[#]} ({White should play} 20. Re3 $15 Qxd1+ 21. Rxd1) 20... Qf6 $1 $17 {White must now prevent ...Rad8.} 21. Nd6 {And now Ne4 would win.} Bxe1 22. Nxc4 (22. Bxc6 $17 {was necessary.} Rad8 23. Qxe1 Rxd6 24. Bxd6 Qxd6 25. Bg2) 22... Bb4 $19 23. Qd7 {[#]} Rac8 $1 {aiming for ...Rfd8.} 24. Bxc6 $2 (24. Be4) 24... Rfd8 25. Qg4 $2 (25. Qb7 Rxc6 26. Rxb4 (26. Qxb4 $2 g5 $19)) 25... Qxc6+ {[%mdl 64] Double Attack. Accuracy: White = 14%, Black = 91%.} 0-1

[Event "SAIF POWERTEC 45th BAN Ch 2019"]
[Site "Dhaka"]
[Date "2019.11.05"]
[Round "2.7"]
[White "Rahman, Ziaur"]
[Black "Mohammad, Javed"]
[Result "1-0"]
[WhiteElo "2471"]
[BlackElo "2130"]
[Annotator "TA"]
[PlyCount "65"]
[EventDate "2019.11.05"]
[EventCountry "BAN"]
[SourceTitle "playchess.com"]
[Source "ChessBase"]
[SourceQuality "1"]

{[%evp 18,65,10,0,0,-19,30,17,27,41,70,43,54,52,80,41,60,47,47,47,55,55,74,46,65,45,50,52,50,43,195,193,135,167,680,682,649,635,730,557,1557,935,847,759,6515,5894,2555,2449,2095,1505]} 1. Nf3 Nf6 2. c4 e6 3. g3 d5 4. Bg2 Be7 5. O-O O-O 6. b3 c5 7. Bb2 d4 8. e3 Nc6 9. exd4 cxd4 10. Re1 a5 {A14: English Opening: 1...e6 with b3 by White} (10... Bd6 11. Nxd4 Nxd4 12. Bxd4 Bxg3 13. hxg3 Qxd4 14. Nc3 Ng4 15. Qf3 f5 16. Nb5 Qb6 17. Qf4 e5 18. Rxe5 Nxe5 19. Qxe5 {1-0 (37) Artemiev,V (2761)-Korobov,A (2687) Poikovsky 2019}) 11. Na3 Bc5 12. Nb5 Re8 {The position is equal.} 13. Ne5 Ra6 $146 ({Predecessor:} 13... Nxe5 14. Rxe5 Nd7 15. Re1 {1-0 (40) Stella,A (2477)-Viennot,D (2192) Cappelle-la-Grande 2013}) 14. Nd3 Bf8 15. f4 Nd7 16. a3 ({Not} 16. Nxd4 $2 Nxd4 17. Bxd4 Rd6 $19) 16... g6 17. Qf3 (17. Nxd4 $2 Nxd4 18. Bxd4 Rd6 $17) 17... Nc5 18. Nxc5 Bxc5 19. d3 Na7 20. Re5 Bf8 21. Nxa7 Rxa7 22. Qf2 $36 {[%mdl 2048] White fights for an advantage.} Bg7 23. Bxd4 Bxe5 $2 (23... Ra6 $14) 24. fxe5 $18 Ra6 25. Rf1 f5 $2 (25... Re7 26. Be3 Rd7) 26. exf6 {[#] f7+ would kill now.White is clearly winning.} Kf7 {and the idea ...e5 leaves Black hopeful.} 27. Qe3 e5 28. Bxe5 Qb6 29. d4 Rxe5 30. Qxe5 {[#] White threatens Qe7+ and mate.} Be6 31. c5 Qd8 32. d5 Bf5 33. d6 {Accuracy: White = 73%, Black = 37%.} 1-0

[Event "SAIF POWERTEC 45th BAN Ch 2019"]
[Site "Dhaka"]
[Date "2019.11.05"]
[Round "2.8"]
[White "Reefat, Bin-Sattar"]
[Black "Chowdhury, Sohel"]
[Result "1-0"]
[WhiteElo "2417"]
[BlackElo "2096"]
[Annotator "TA"]
[PlyCount "63"]
[EventDate "2019.11.05"]
[EventCountry "BAN"]
[SourceTitle "playchess.com"]
[Source "ChessBase"]
[SourceQuality "1"]

{[%evp 17,63,58,55,50,51,55,128,118,146,121,118,134,124,41,79,30,136,70,136,119,118,107,130,114,188,164,323,323,323,323,323,323,323,323,312,312,402,395,618,610,924,921,850,811,1483,1056,29993,695]} 1. e4 d5 2. exd5 Qxd5 3. Nc3 Qa5 4. d4 Nf6 5. Bc4 Bf5 6. Bd2 c6 7. Qe2 e6 8. d5 cxd5 9. Nxd5 Qd8 10. Nxf6+ {B01: Scandinavian Defence} Qxf6 11. O-O-O (11. Nf3 Nc6 12. O-O-O Ba3 13. c3 Be7 14. Bg5 Qg6 15. Bxe7 Kxe7 16. Qe3 Rhd8 17. Nh4 Qg4 {1-0 (66) Rodriguez Vila,A (2538)-Flores,D (2541) Berazategui 2007}) 11... Ba3 (11... Nc6 $1 $14) 12. c3 $16 {White is better.} Be7 {[#]} 13. g4 $1 Bg6 {[#]} 14. h4 $1 h6 15. Nh3 (15. f4 $16) 15... Nc6 $14 16. Nf4 {g5! is the strong threat.} O-O-O (16... Bh7 $1 $11) 17. Bb5 $146 ({White should try} 17. Nxg6 $16 Qxg6 18. Bb5) ({Predecessor:} 17. Nxg6 Qxg6 {1-0 (45) Pitl,G (2280)-Einwiller,D (2153) Bad Woerishofen 2003}) 17... e5 (17... Bh7 $14) 18. Nxg6 $16 Qxg6 19. f4 Rhe8 20. f5 Qf6 (20... Qd6 $16) 21. Qe4 $36 {[%mdl 2048] Keeping Black busy.} Bf8 $2 (21... Qd6 22. Bc4 Rf8) 22. g5 Qd6 23. gxh6 (23. Be3 Qc7 $18) 23... gxh6 24. Bg5 $1 {[%cal Rg5d8]} Qc5 {Threatens to win with ...Rxd1+.} 25. Rxd8+ ({Resist} 25. Bxd8 Qxb5 26. Bf6 Nb8 $18) 25... Rxd8 26. Bxd8 Qxb5 27. Bf6 Qa6 (27... Qc5 $142 28. Rd1 Kb8) 28. Qd5 Qe2 29. Rd1 Qe3+ 30. Kb1 {Black must now prevent Qd7+.} Bc5 31. b4 {Hoping for b5.} Qf4 32. Qd7+ {Accuracy: White = 64%, Black = 24%.} 1-0

[Event "SAIF POWERTEC 45th BAN Ch 2019"]
[Site "Dhaka"]
[Date "2019.11.05"]
[Round "2.9"]
[White "Mohammad Minhaz Uddin"]
[Black "Rahman, Syed Mahfuzur"]
[Result "1-0"]
[WhiteElo "2322"]
[BlackElo "2158"]
[Annotator "TA"]
[PlyCount "34"]
[EventDate "2019.11.05"]
[EventCountry "BAN"]
[SourceTitle "playchess.com"]
[Source "ChessBase"]
[SourceQuality "1"]

{[%evp 19,34,19,72,25,48,52,64,27,69,35,84,31,18,-36,-7,0,0]} 1. e4 c5 2. Nf3 d6 3. d4 cxd4 4. Nxd4 Nf6 5. Nc3 a6 6. Bg5 Nc6 7. Qd2 Bd7 8. O-O-O e6 9. f4 Be7 10. Be2 Rc8 (10... Nxd4 $11 {remains equal.} 11. Qxd4 Bc6) 11. Bf3 {B68: Sicilian: Richter-Rauzer: 7...a6 8 0-0-0 Bd7 9 f4 Be7} O-O 12. Nb3 Be8 $146 ({Predecessor:} 12... e5 13. f5 a5 14. Bxf6 Bxf6 15. Qxd6 Nd4 16. Nxd4 exd4 17. Nd5 Bg5+ 18. Kb1 Ba4 19. Qxd8 Bxc2+ {½-½ (34) Roeberg,F (2249)-Weindl,A (2331) Austria 2015}) 13. Bxf6 {White is slightly better.} gxf6 14. f5 b5 15. Qh6 (15. Ne2 $16) 15... Kh8 $14 16. Rd2 ({White should play} 16. Kb1 $11) 16... Rg8 17. Rhd1 b4 {[%mdl 32768] Loss on time!?} 1-0

[Event "SAIF POWERTEC 45th BAN Ch 2019"]
[Site "Dhaka"]
[Date "2019.11.05"]
[Round "2.10"]
[White "Zia, Tahsin Tajwar"]
[Black "Ahmed, Sheikh Nasir"]
[Result "0-1"]
[WhiteElo "2080"]
[BlackElo "2185"]
[Annotator "ChessBase"]
[PlyCount "130"]
[EventDate "2019.11.05"]
[EventCountry "BAN"]
[SourceTitle "playchess.com"]
[Source "ChessBase"]
[SourceQuality "1"]
[TimeControl "40/5400+30:1800+30"]

1. d4 {[%emt 0:00:00]} e6 {[%emt 0:00:00]} 2. Nf3 {[%emt 0:00:00]} c5 {[%emt 0:00:16]} 3. c3 {[%emt 0:00:00]} Nf6 {[%emt 0:00:28]} 4. Bf4 {[%emt 0:00:05]} b6 {[%emt 0:00:44]} 5. e3 {[%emt 0:00:10]} Be7 {[%emt 0:00:46]} 6. Nbd2 {[%emt 0:00:08]} Bb7 {[%emt 0:01:25]} 7. h3 {[%emt 0:00:18]} O-O {[%emt 0:00:29]} 8. Bd3 {[%emt 0:04:22]} d6 {[%emt 0:00:28]} 9. O-O {[%emt 0:02:57]} Nbd7 {[%emt 0:00:52]} 10. Qe2 {[%emt 0:03:46]} Re8 {[%emt 0:01:33]} 11. e4 {[%emt 0:02:04]} a6 {[%emt 0:05:23]} 12. a4 {[%emt 0:01:14]} Nf8 {[%emt 0:00:20]} 13. Rfd1 {[%emt 0:07:48]} Ng6 {[%emt 0:03:54]} 14. Be3 {[%emt 0:01:25]} Qc7 {[%emt 0:04:13]} 15. Ne1 {[%emt 0:07:46]} e5 {[%emt 0:03:34]} 16. d5 {[%emt 0:01:40]} Kh8 {[%emt 0:16:26]} 17. b4 {[%emt 0:08:49]} Nd7 {[%emt 0:06:22]} 18. Nc4 {[%emt 0:01:40]} Nf4 {[%emt 0:09:57]} 19. Bxf4 {[%emt 0:16:50]} exf4 {[%emt 0:00:03]} 20. Rac1 {[%emt 0:07:52]} Ne5 {[%emt 0:05:42]} 21. Nxe5 {[%emt 0:02:28]} dxe5 {[%emt 0:00:26]} 22. b5 {[%emt 0:02:30]} a5 {[%emt 0:06:22]} 23. Nf3 {[%emt 0:03:37]} Rad8 {[%emt 0:03:19]} 24. Kh2 {[%emt 0:01:32]} Rd7 {[%emt 0:03:18]} 25. Rg1 {[%emt 0:01:47]} Bd8 {[%emt 0:00:27]} 26. c4 {[%emt 0:02:17]} Rd6 {[%emt 0:01:01]} 27. g4 {[%emt 0:01:51]} fxg3+ {[%emt 0:03:17]} 28. fxg3 {[%emt 0:01:32]} Bc8 {[%emt 0:01:53]} 29. Rcf1 {[%emt 0:03:18]} Rf6 {[%emt 0:03:54]} 30. g4 {[%emt 0:05:01]} Rg6 {[%emt 0:11:16]} 31. Rg3 {[%emt 0:02:04]} Qd6 {[%emt 0:01:52]} 32. Qe3 {[%emt 0:01:54]} h6 {[%emt 0:01:31]} 33. Kg2 {[%emt 0:00:27]} Kh7 {[%emt 0:00:49]} 34. Kf2 {[%emt 0:01:52]} Rh8 {[%emt 0:00:26]} 35. Rfg1 {[%emt 0:00:17]} Kg8 {[%emt 0:00:26]} 36. h4 {[%emt 0:00:13]} Rf6 {[%emt 0:02:16]} 37. Ke2 {[%emt 0:02:21]} Rf4 {[%emt 0:00:10]} 38. R1g2 {[%emt 0:00:57]} Kf8 {[%emt 0:00:43]} 39. Kd2 {[%emt 0:00:31]} Ke8 {[%emt 0:01:44]} 40. Qg1 {[%emt 0:00:00]} Kd7 {[%emt 0:00:00]} 41. Qa1 {[%emt 0:01:48]} Re8 {[%emt 0:02:14]} 42. g5 {[%emt 0:01:34]} hxg5 {[%emt 0:04:49]} 43. hxg5 {[%emt 0:01:00]} Kc7 {[%emt 0:00:32]} 44. Ng1 {[%emt 0:03:59]} Kb8 {[%emt 0:04:42]} 45. Rf3 {[%emt 0:28:46]} Qg6 {[%emt 0:03:11]} 46. Rxf4 {[%emt 0:00:00]} Bxg5 {[%emt 0:02:45]} 47. Kc2 {[%emt 0:00:00]} exf4 {[%emt 0:00:13]} 48. Nf3 {[%emt 0:00:00]} f6 {[%emt 0:01:08]} 49. Qg1 {[%emt 0:00:00]} Rxe4 {[%emt 0:04:52]} 50. Kc3 {[%emt 0:00:00]} Qe8 {[%emt 0:01:56]} 51. Bxe4 {[%emt 0:00:00]} Qxe4 {[%emt 0:00:14]} 52. Nxg5 {[%emt 0:00:00]} fxg5 {[%emt 0:01:38]} 53. Rxg5 {[%emt 0:00:00]} Qf3+ {[%emt 0:02:37]} 54. Kd2 {[%emt 0:00:00]} Qb3 {[%emt 0:00:58]} 55. Qc1 {[%emt 0:00:00]} Qe3+ {[%emt 0:01:02]} 56. Kc2 {[%emt 0:00:00]} Bf5+ {[%emt 0:00:56]} 57. Kb2 {[%emt 0:00:13]} Qd4+ {[%emt 0:03:01]} 58. Qc3 {[%emt 0:01:02]} g6 {[%emt 0:00:01]} 59. Kb3 {[%emt 0:03:01]} Kc7 {[%emt 0:01:16]} 60. Rg2 {[%emt 0:00:50]} Kd6 {[%emt 0:01:55]} 61. Qf3 {[%emt 0:01:42]} Bd3 {[%emt 0:01:20]} 62. Rg4 {[%emt 0:01:07]} Qxc4+ {[%emt 0:00:23]} 63. Ka3 {[%emt 0:00:24]} Qc3+ {[%emt 0:00:09]} 64. Ka2 {[%emt 0:00:05]} Bc4+ {[%emt 0:00:06]} 65. Kb1 {[%emt 0:00:15]} Qxf3 {[%emt 0:00:07]} 0-1

[Event "SAIF POWERTEC 45th BAN Ch 2019"]
[Site "Dhaka"]
[Date "2019.11.05"]
[Round "2.11"]
[White "Anata, Choudhury"]
[Black "Md Emdadul, Haque"]
[Result "0-1"]
[WhiteElo "2159"]
[BlackElo "2070"]
[Annotator "ChessBase"]
[PlyCount "70"]
[EventDate "2019.11.05"]
[EventCountry "BAN"]
[SourceTitle "playchess.com"]
[Source "ChessBase"]
[SourceQuality "1"]
[TimeControl "40/5400+30:1800+30"]

1. e4 {[%emt 1:30:30]} e5 {[%emt 1:30:30]} 2. Nf3 {[%emt 0:00:30]} Nc6 {[%emt 0:00:30]} 3. Bb5 {[%emt 0:00:30]} a6 {[%emt 0:00:30]} 4. Ba4 {[%emt 0:00:30]} Nf6 {[%emt 0:00:30]} 5. Nc3 {[%emt 0:00:30]} b5 {[%emt 0:00:30]} 6. Bb3 {[%emt 0:00:30]} Bc5 {[%emt 0:00:30]} 7. a4 {[%emt 0:00:30]} b4 {[%emt 0:00:30]} 8. Nd5 {[%emt 0:00:30]} O-O {[%emt 0:00:30]} 9. d3 {[%emt 0:00:30]} h6 {[%emt 0:00:30]} 10. O-O {[%emt 0:00:30]} d6 {[%emt 0:00:30]} 11. c3 {[%emt 0:00:30]} Bg4 {[%emt 0:00:30]} 12. Nxf6+ {[%emt 0:00:30]} Qxf6 {[%emt 0:00:30]} 13. Bd5 {[%emt 0:00:30]} Bd7 {[%emt 0:00:30]} 14. d4 {[%emt 0:00:30]} exd4 {[%emt 0:00:30]} 15. cxd4 {[%emt 0:00:30]} Nxd4 {[%emt 0:00:30]} 16. Bxa8 {[%emt 0:00:30]} Rxa8 {[%emt 0:00:30]} 17. Be3 {[%emt 0:00:30]} Nxf3+ {[%emt 0:00:30]} 18. Qxf3 {[%emt 0:00:30]} Qxb2 {[%emt 0:00:30]} 19. e5 {[%emt 0:00:30]} Re8 {[%emt 0:00:30]} 20. Bxc5 {[%emt 0:00:30]} dxc5 {[%emt 0:00:30]} 21. Qd3 {[%emt 0:00:30]} Bc8 {[%emt 0:00:30]} 22. e6 {[%emt 0:00:30]} Bxe6 {[%emt 0:00:30]} 23. Qxa6 {[%emt 0:00:30]} Qe5 {[%emt 0:00:30]} 24. Qb5 {[%emt 0:00:30]} c6 {[%emt 0:00:30]} 25. Qxc6 {[%emt 0:00:30]} Rc8 {[%emt 0:00:30]} 26. Qb7 {[%emt 0:00:30]} b3 {[%emt 0:00:30]} 27. a5 {[%emt 0:00:30]} b2 {[%emt 0:00:30]} 28. Rae1 {[%emt 0:00:30]} Qb8 {[%emt 0:00:30]} 29. Qe4 {[%emt 0:00:30]} c4 {[%emt 0:00:30]} 30. Qc2 {[%emt 0:00:30]} c3 {[%emt 0:00:30]} 31. Re3 {[%emt 0:00:30]} Ba2 {[%emt 0:00:30]} 32. Ree1 {[%emt 0:00:30]} Bb3 {[%emt 0:00:30]} 33. Qb1 {[%emt 0:00:30]} Bc4 {[%emt 0:00:30]} 34. Qc2 {[%emt 0:00:30]} Qb3 {[%emt 0:00:30]} 35. Re2 {[%emt 0:00:30]} Qxc2 {[%emt 0:00:30]} 0-1

[Event "SAIF POWERTEC 45th BAN Ch 2019"]
[Site "Dhaka"]
[Date "2019.11.05"]
[Round "2.12"]
[White "Md., Sharif Hossain"]
[Black "Md. Jamal Uddin"]
[Result "1-0"]
[WhiteElo "2148"]
[BlackElo "2064"]
[Annotator "TA"]
[PlyCount "71"]
[EventDate "2019.11.05"]
[EventCountry "BAN"]
[SourceTitle "playchess.com"]
[Source "ChessBase"]
[SourceQuality "1"]

{[%evp 31,71,20,39,11,18,19,54,68,89,84,143,136,129,137,147,113,225,118,119,124,131,122,111,132,124,116,199,195,200,175,222,204,200,173,183,180,229,239,239,235,1099,1096]} 1. e4 c5 2. Nf3 Nc6 3. d4 cxd4 4. Nxd4 Nf6 5. Nc3 e5 6. Ndb5 d6 7. Bg5 a6 8. Na3 b5 9. Nd5 Be7 10. Bxf6 Bxf6 11. c3 O-O 12. Nc2 Bg5 13. a4 bxa4 14. Rxa4 a5 15. Bc4 Rb8 16. b3 Kh8 17. h4 {B33: Sicilian: Pelikan and Sveshnikov Variations} (17. Nce3 g6 18. h4 Bxh4 19. g3 Bg5 20. f4 exf4 21. gxf4 Bh4+ 22. Kf1 Be6 23. Ra2 f5 24. Rah2 g5 {½-½ (37) Yu,Y (2760)-Lenic,L (2662) chess.com INT 2018}) 17... Bh6 18. Nce3 Be6 19. Nf5 {White is slightly better.} Bxf5 20. exf5 Rb7 $146 {[#]} (20... Re8 $142) ({Predecessor:} 20... e4 21. g4 f6 22. Rh3 Re8 23. Kf1 Ne5 24. Be2 Nd7 {1-0 (39) Gameel,M (2204)-Sabar,E (1995) Marrakesh 2014}) 21. f6 $1 $16 {[%mdl 512]} e4 (21... gxf6 22. Qh5) 22. Ba6 Rb8 23. Rxe4 gxf6 {[#]} (23... Re8 $16 {was called for.} 24. Re2 Rxe2+ 25. Bxe2 gxf6) 24. O-O ({White has to play} 24. Qh5 $1 $18 {[%cal Rh5h6]} Bg7 25. Bd3) 24... f5 25. Ra4 {Black must now prevent Qh5.} Bg7 26. Bd3 {aiming for Qh5!} Ne7 27. Nxe7 Qxe7 28. Rxa5 Bxc3 (28... Be5 $16 {keeps fighting.}) 29. Rxf5 $18 f6 30. Bc4 Bb4 31. Qh5 Bc5 32. Qh6 Bd4 33. Rd1 Bc5 34. Kh2 Ra8 35. Rd3 Ra2 $2 {[#]} (35... Ba3 36. Re3 Qa7) 36. Rxc5 $1 {[%mdl 512] Accuracy: White = 61%, Black = 41%.} 1-0

[Event "SAIF POWERTEC 45th BAN Ch 2019"]
[Site "Dhaka"]
[Date "2019.11.03"]
[Round "2.13"]
[White "S M Sharon"]
[Black "Hossain, Monir"]
[Result "1-0"]
[WhiteElo "2092"]
[BlackElo "2050"]
[Annotator "NA RC"]
[PlyCount "125"]
[EventDate "2019.11.02"]
[EventType "swiss"]
[EventRounds "10"]
[EventCountry "BAN"]
[SourceTitle "playchess.com"]
[Source "ChessBase"]
[SourceQuality "1"]
[TimeControl "40/5400+30:1800+30"]

1. b3 d5 2. Bb2 c5 3. Nf3 Nc6 4. e3 Bg4 5. h3 Bh5 6. Bb5 f6 7. d4 Qa5+ 8. Nc3 e6 9. g4 Bf7 10. a3 a6 11. Bxc6+ bxc6 12. dxc5 Qxc5 13. Qe2 Ne7 14. Na4 Qa5+ 15. Qd2 Qxd2+ 16. Nxd2 e5 17. b4 Ng6 18. Nb3 Bd6 19. Na5 Ne7 20. Ke2 Rb8 21. Nb3 Be6 22. Bc3 Kf7 23. Bd2 h5 24. f3 Rh7 25. Nac5 Bc8 26. Kd3 Ra8 27. Rag1 e4+ 28. fxe4 hxg4 29. hxg4 Rxh1 30. Rxh1 Bxg4 31. exd5 cxd5 32. c4 dxc4+ 33. Kxc4 Be2+ 34. Kc3 Be5+ 35. Kc2 Nc6 36. Bc3 Re8 37. Bxe5 Rxe5 38. Nd4 Nxd4+ 39. exd4 Rd5 40. Re1 Bb5 41. a4 Bd7 42. Kc3 Bc8 43. Kc4 Rd8 44. b5 axb5+ 45. axb5 g5 46. b6 g4 47. b7 Bxb7 48. Nxb7 Rb8 49. Nc5 f5 50. d5 g3 51. Nd7 Rg8 52. Ne5+ Kf6 53. Nf3 f4 54. d6 Kf5 55. Kd5 Kg4 56. Ne5+ Kh3 57. Ke4 g2 58. d7 Kg3 59. Rd1 Rd8 60. Nf3 Kg4 61. Rd3 Kg3 62. Ne1+ f3 63. Nxf3 1-0

[Event "SAIF POWERTEC 45th BAN Ch 2019"]
[Site "Dhaka"]
[Date "2019.11.03"]
[Round "2.14"]
[White "Md, Sariatullah"]
[Black "Hamid, Rani"]
[Result "1-0"]
[WhiteElo "2063"]
[BlackElo "1916"]
[Annotator "NA RC"]
[PlyCount "87"]
[EventDate "2019.11.02"]
[EventType "swiss"]
[EventRounds "10"]
[EventCountry "BAN"]
[SourceTitle "playchess.com"]
[Source "ChessBase"]
[SourceQuality "1"]
[TimeControl "40/5400+30:1800+30"]

1. b3 c5 2. Bb2 Nc6 3. e3 b6 4. c4 e6 5. Nf3 Nf6 6. a3 Be7 7. Bd3 d6 8. Bc2 e5 9. h3 h6 10. d4 Qc7 11. Nc3 exd4 12. exd4 cxd4 13. Nxd4 Nxd4 14. Qxd4 Bb7 15. O-O-O Bc6 16. Rhe1 O-O-O 17. Nd5 Nxd5 18. cxd5 Bf6 19. Qb4 Bxb2+ 20. Kxb2 Bb7 21. Bf5+ Kb8 22. Rc1 Qxc1+ 23. Rxc1 Bxd5 24. Qc3 g6 25. Qc7+ Ka8 26. Bd7 Bxg2 27. Bc6+ Bxc6 28. Qxc6+ Kb8 29. Qc7+ Ka8 30. Qxf7 Rhf8 31. Qd5+ Kb8 32. Rc2 Rf6 33. a4 Rf5 34. Qc6 Rf7 35. a5 bxa5 36. Qb5+ Rb7 37. Qxa5 Rb6 38. Rc6 Kb7 39. Rxb6+ axb6 40. Qd5+ Kc7 41. Qf7+ Rd7 42. Qxg6 d5 43. Qxh6 d4 44. Kc2 1-0

[Event "SAIF POWERTEC 45th BAN Ch 2019"]
[Site "Dhaka"]
[Date "2019.11.03"]
[Round "2.15"]
[White "Nayem, Haque"]
[Black "Hossain, Delwar"]
[Result "1-0"]
[WhiteElo "1911"]
[BlackElo "2080"]
[Annotator "NA RC"]
[PlyCount "103"]
[EventDate "2019.11.02"]
[EventType "swiss"]
[EventRounds "10"]
[EventCountry "BAN"]
[SourceTitle "playchess.com"]
[Source "ChessBase"]
[SourceQuality "1"]
[TimeControl "40/5400+30:1800+30"]

1. e4 c5 2. d4 cxd4 3. c3 dxc3 4. Nxc3 Nc6 5. Bc4 Nf6 6. Nf3 e6 7. O-O a6 8. Qe2 d6 9. Rd1 Qc7 10. Bf4 Ne5 11. Bxe5 dxe5 12. Rac1 Qb8 13. Bb5+ axb5 14. Nxb5 Bc5 15. Rxc5 O-O 16. Nxe5 b6 17. Nc6 Qf4 18. Ne7+ Kh8 19. Rxc8 Raxc8 20. Nxc8 Rxc8 21. Nd6 Rf8 22. f3 h6 23. Qd2 Qxd2 24. Rxd2 Kg8 25. Nc4 Rb8 26. Ne5 Kf8 27. Nd7+ Nxd7 28. Rxd7 Rc8 29. Rd2 Ke7 30. Kf2 e5 31. Ke3 f6 32. a3 g6 33. g4 Ke6 34. Rd3 Rb8 35. h4 b5 36. Kd2 b4 37. axb4 Rxb4 38. Kc3 Rb6 39. b4 Rb8 40. Rd5 f5 41. Ra5 fxe4 42. fxe4 Rd8 43. Ra6+ Kf7 44. b5 Rd1 45. b6 Rb1 46. Kc4 Ke6 47. b7+ Kf7 48. Ra7 Ke6 49. Kc5 Rc1+ 50. Kb6 Rb1+ 51. Kc7 Rc1+ 52. Kb8 1-0